Giocatore internazionale asiatico dell'anno AFC - Statistics

Statistiche generali
  • Questo quiz è stato fatto 10 volte
  • Il punteggio medio è 6 su 9
Statistiche sulle risposte
Edizione Nazione Squadra Calciatore % Corretto
2015 Corea del Sud Tottenham Son Heung-min
100%
2017 Corea del Sud Tottenham Son Heung-min
100%
2019 Corea del Sud Tottenham Son Heung-min
100%
2022 Corea del Sud Napoli Kim Min-jae
88%
2013 Giappone Inter Yuto Nagatomo
75%
2012 Giappone Manchester United Shinji Kagawa
50%
2016 Giappone Leicester City Shinji Okazaki
38%
2018 Giappone Eintracht Francoforte Makoto Hasebe
13%
2014 Australia Crystal Palace Mile Jedinak
0%
Nessun quiz corrispondente trovato
Distribuzione punteggi
Percentuale di utenti per punteggio
Percentile per numero di risposta
I tuoi punteggi nel tempo
Non hai fatto questo quiz